Statistics for Liverpool Defenders 2019/20

Click here to take the quiz!

General Stats

  • This quiz has been taken 11 times
  • The average score is 8 of 16

Answer Stats

CountryPlayer% Correct
NetherlandsVirgil Van Dijk
100%
ScotlandAndrew Robertson
100%
CameroonJoel Matip
100%
EnglandTrent Alexander-Arnold
89%
EnglandJoe Gomez
89%
CroatiaDejan Lovren
89%
NetherlandsSepp Van Den Berg
56%
EnglandNathaniel Clyne
44%
NetherlandsKi-Jana Hoever
33%
WalesNeco Williams
22%
FranceYasser Larouci
11%
FranceBilly Koumetio
11%
ScotlandTony Gallacher
11%
WalesMorgan Boyes
11%
EnglandJames Norris
11%
ScotlandThomas Clayton
0%

Score Distribution

Percentile by Number Answered

Percent of People with Each Score

Your Score History

You have not taken this quiz